|
|
|
|
| LEADER |
00000cam a2200000 7i4500 |
| 001 |
0000000374 |
| 005 |
20000807.0 |
| 020 |
0 |
0 |
|a 064305555X
|
| 090 |
0 |
0 |
|a 634.956
|b WIL 1994
|
| 100 |
1 |
0 |
|a WILLIAMS
|h E. R. [
|q (Emlyn Rhys)]
|c 1949-
|
| 245 |
1 |
0 |
|a Experimental design and analysis for use in tree improvement
|c E. R. Williams & A. C. Matheson
|
| 260 |
0 |
0 |
|a Victoria, Australia :
|b Australian Centre for International Agricultural Research (ACIAR) ,
|c 1994
|
| 300 |
|
|
|a 174 p. :
|b col. ill. ;
|c 25 cm.
|
| 500 |
0 |
0 |
|a Bibliography: [p. 167-169] and index
|
| 650 |
0 |
0 |
|a Biometry
|
| 650 |
0 |
0 |
|a Forests and forestry
|x Research
|
| 650 |
0 |
0 |
|a Provenance trials
|
| 700 |
0 |
1 |
|a Matheson
|h A. C. [
|q (Alistair Colin)]
|
| 999 |
|
|
|a 0000000641
|b Monograph
|c Open Shelf
|e Default branch
|